Siksha biwasthapana (Record no. 6279)
[ view plain ]
| 000 -LEADER | |
|---|---|
| fixed length control field | 00485cam a2200205ua 4500 |
| 001 - CONTROL NUMBER | |
| control field | 7158 |
| 005 - DATE AND TIME OF LATEST TRANSACTION | |
| control field | 20260515114149.0 |
| 008 - FIXED-LENGTH DATA ELEMENTS--GENERAL INFORMATION | |
| fixed length control field | 141127n ii |||gr||||Z||||||asm |
| 020 ## - INTERNATIONAL STANDARD BOOK NUMBER | |
| International Standard Book Number | 9789382746072 |
| 040 ## - CATALOGING SOURCE | |
| Transcribing agency | MAIN |
| 041 ## - LANGUAGE CODE | |
| Language code of text/sound track or separate title | asm |
| 082 ## - DEWEY DECIMAL CLASSIFICATION NUMBER | |
| Classification number | 371 |
| 100 ## - MAIN ENTRY--PERSONAL NAME | |
| Personal name | Hazarika, D.G., |
| Relator term | Author. |
| 245 ## - TITLE STATEMENT | |
| Title | Siksha biwasthapana |
| Statement of responsibility, etc. | By Dulumoni Gogoi Hazarika |
| 250 ## - EDITION STATEMENT | |
| Edition statement | 1st. |
| 260 ## - PUBLICATION, DISTRIBUTION, ETC. | |
| Place of publication, distribution, etc. | Dhemaji: |
| Name of publisher, distributor, etc. | Kiran, |
| Date of publication, distribution, etc. | 2014. |
| 300 ## - PHYSICAL DESCRIPTION | |
| Extent | 184p. |
| 653 ## - INDEX TERM--UNCONTROLLED | |
| Uncontrolled term | Educational planning |
| 942 ## - ADDED ENTRY ELEMENTS (KOHA) | |
| Koha item type | Books |
| Withdrawn status | Lost status | Damaged status | Not for loan | Home library | Current library | Shelving location | Date acquired | Total checkouts | Full call number | Barcode | Date last seen | Date last checked out | Copy number | Price effective from | Koha item type |
|---|---|---|---|---|---|---|---|---|---|---|---|---|---|---|---|
| Naharkatiya College Library | Naharkatiya College Library | General stacks | 09/19/2020 | 4 | 371.207 | HAZ | 22352 | 05/21/2022 | 05/06/2022 | 2 | 09/19/2020 | Books | ||||
| Naharkatiya College Library | Naharkatiya College Library | General stacks | 09/19/2020 | 3 | 371.207 | HAZ | 22353 | 04/27/2022 | 04/25/2022 | 3 | 09/19/2020 | Books | ||||
| Naharkatiya College Library | Naharkatiya College Library | General stacks | 09/19/2020 | 4 | 371.207 | HAZ | 22354 | 05/23/2022 | 05/06/2022 | 1 | 09/19/2020 | Books |